[Event "17. Sparkassen Open 2018 - Gruppe A"]
[Site "Forchheim"]
[Date "2018.09.23"]
[Round "4.1"]
[White "Klek, Hanna Marie"]
[Black "Yelisieiev, Yevhenii"]
[Result "1/2-1/2"]
[WhiteElo "2278"]
[BlackElo "2331"]
[PlyCount "98"]
[EventDate "2018.??.??"]
[WhiteTeam "SC Erlangen"]
[BlackTeam "SC Noris-Tarrasch Nürnberg"]

1. e4 d6 2. d4 Nf6 3. Nc3 e5 4. Nf3 Nbd7 5. Bc4 Be7 6. O-O O-O 7. Re1 c6 8. a4
a5 9. Ba2 exd4 10. Nxd4 Nc5 11. Bf4 Qb6 12. e5 dxe5 13. Bxe5 Bg4 14. Qd2 Ncd7
15. Bc7 Qxc7 16. Rxe7 Rae8 17. Rae1 Rxe7 18. Rxe7 Qd6 19. Qe3 Bh5 20. h3 Bg6
21. f4 c5 22. Ndb5 Qc6 23. g4 Bxc2 24. g5 Bxa4 25. Na3 Nh5 26. Bd5 Qd6 27. Nc4
Qxf4 28. Nxa4 b5 29. Nc3 bxc4 30. Qxf4 Nxf4 31. Rxd7 Nxh3+ 32. Kg2 Nf4+ 33. Kg3
Nxd5 34. Nxd5 h6 35. gxh6 gxh6 36. Ne7+ Kh7 37. Nc6 a4 38. Ra7 Rc8 39. Ne5 Rb8
40. Nxc4 Rb3+ 41. Kg4 Rb4 42. Rxf7+ Kg6 43. Rf4 h5+ 44. Kh4 Kh6 45. Re4 Kg6 46.
Kg3 Kf6 47. Kh4 Kf5 48. Nd6+ Kf6 49. Nc4 Kf5 1/2-1/2

[Event "17. Sparkassen Open 2018 - Gruppe A"]
[Site "Forchheim"]
[Date "2018.09.23"]
[Round "4.2"]
[White "Böhme, Sebastian"]
[Black "Krassowizkij, Jaroslaw"]
[Result "0-1"]
[WhiteElo "1999"]
[BlackElo "2439"]
[PlyCount "74"]
[EventDate "2018.??.??"]
[WhiteTeam "SC Uttenreuth"]
[BlackTeam "SV Jedesheim"]

1. e4 c5 2. Nf3 d6 3. Bb5+ Nd7 4. O-O a6 5. Bd3 Ngf6 6. c3 Ne5 7. Nxe5 dxe5 8.
Bc2 e6 9. a4 Bd6 10. d3 O-O 11. Na3 b5 12. Be3 Bd7 13. Qe2 Qc7 14. g3 Bc6 15.
f4 Nd7 16. d4 cxd4 17. cxd4 exd4 18. Bxd4 e5 19. Be3 Bc5 20. Qf2 Bxe3 21. Qxe3
bxa4 22. Rfc1 exf4 23. gxf4 Nb6 24. e5 Nd5 25. Bxh7+ Kxh7 26. Qd4 Kg8 27. Qxd5
Rac8 28. Qc5 Qd7 29. Qf2 Qd5 30. Kf1 Bd7 31. Kg1 Rc6 32. Rd1 Rg6+ 33. Kf1 Qh1+
34. Ke2 Bg4+ 35. Ke3 Bxd1 36. f5 Rh6 37. Kd2 Rxh2 0-1

[Event "17. Sparkassen Open 2018 - Gruppe A"]
[Site "Forchheim"]
[Date "2018.09.23"]
[Round "4.3"]
[White "Arnold, Max"]
[Black "Bethke, Robert"]
[Result "1/2-1/2"]
[WhiteElo "2267"]
[BlackElo "1937"]
[PlyCount "89"]
[EventDate "2018.??.??"]
[WhiteTeam "SK Ettlingen"]
[BlackTeam "SF Neuberg"]

1. e4 e5 2. Bc4 Nf6 3. d3 Nc6 4. Nf3 Bc5 5. O-O O-O 6. Bg5 h6 7. Bh4 Be7 8. Bg3
d6 9. a4 Bg4 10. h3 Bh5 11. c3 a5 12. Nbd2 Kh8 13. Re1 Nd7 14. Qb1 Nb6 15. Bb3
Bg5 16. Bc2 Nd7 17. Nxg5 Qxg5 18. Nf1 f5 19. exf5 Qxf5 20. d4 Qf7 21. dxe5
Ndxe5 22. Ne3 Rae8 23. Be4 Bg6 24. Bxg6 Nxg6 25. Qa2 Qxa2 26. Rxa2 Nce5 27. Rd1
Nf4 28. b4 axb4 29. cxb4 Ned3 30. Bxf4 Nxf4 31. b5 Re5 32. b6 cxb6 33. Rxd6 b5
34. Rb6 bxa4 35. Rxb7 Nd3 36. Ra7 Rc8 37. R7xa4 Rc1+ 38. Kh2 Nxf2 39. Rxf2 Rxe3
40. Rf7 Re6 41. Rg4 g5 42. Rb4 Kg8 43. Rd7 Rc8 44. Rb8 Rg6 45. Rc7 1/2-1/2

[Event "17. Sparkassen Open 2018 - Gruppe A"]
[Site "Forchheim"]
[Date "2018.09.23"]
[Round "4.4"]
[White "Schäfer, Sven"]
[Black "Miller, Eduard"]
[Result "0-1"]
[WhiteElo "1991"]
[BlackElo "2355"]
[PlyCount "102"]
[EventDate "2018.??.??"]
[WhiteTeam "SK Dessau 93"]
[BlackTeam "SC Erlangen"]

1. e4 e5 2. Nf3 Nc6 3. Bc4 Bc5 4. c3 Nf6 5. d3 O-O 6. O-O d5 7. exd5 Nxd5 8.
Re1 Bg4 9. Nbd2 Nb6 10. b4 Be7 11. h3 Bh5 12. a4 a6 13. Bb2 Kh8 14. b5 Na5 15.
Rxe5 Naxc4 16. Nxc4 Nxc4 17. dxc4 Qxd1+ 18. Rxd1 Bxf3 19. gxf3 Bd6 20. Red5 b6
21. a5 Bc5 22. Ra1 h6 23. Bc1 Ra7 24. Bf4 Rfa8 25. axb6 cxb6 26. Rxa6 Rxa6 27.
bxa6 Rxa6 28. Bd6 Ra5 29. Kg2 Kh7 30. f4 Bxd6 31. Rxd6 Rc5 32. Rd4 Kg6 33. f3
Kf5 34. Kg3 Ke6 35. Re4+ Kd6 36. Rd4+ Kc6 37. Kg4 g6 38. Kh4 Rf5 39. Kg4 Kc5
40. Kg3 Rf6 41. Kg4 Rd6 42. Rxd6 f5+ 43. Kg3 Kxd6 44. Kf2 Kc5 45. Ke3 Kxc4 46.
Kd2 Kb3 47. Kd3 b5 48. Kd2 Kb2 49. Kd3 Kc1 50. Ke3 Kc2 51. Kd4 Kd2 0-1

[Event "17. Sparkassen Open 2018 - Gruppe A"]
[Site "Forchheim"]
[Date "2018.09.23"]
[Round "4.5"]
[White "Hilverda, Alexander"]
[Black "Kilian, Markus"]
[Result "1/2-1/2"]
[WhiteElo "2370"]
[BlackElo "2065"]
[PlyCount "98"]
[EventDate "2018.??.??"]
[WhiteTeam "SC Erlangen"]
[BlackTeam "SV Würzburg"]

1. d4 g6 2. c4 Nf6 3. Nc3 Bg7 4. e4 d6 5. Nf3 O-O 6. Be2 e5 7. O-O Nc6 8. d5
Ne7 9. b4 Nh5 10. Re1 f5 11. Ng5 Nf6 12. Bf3 c6 13. Bb2 h6 14. Ne6 Bxe6 15.
dxe6 fxe4 16. Nxe4 Nf5 17. b5 Rc8 18. Ba3 Nxe4 19. Bxe4 Rf6 20. Qa4 Nd4 21. Bb2
Nxe6 22. bxc6 bxc6 23. Qc2 Kh7 24. Rad1 Qf8 25. Re3 Nc5 26. Bf3 Rf4 27. Ba3 Rd4
28. Bxc5 dxc5 29. Be4 Qf7 30. Rc1 Rcd8 31. Rg3 Qxc4 32. Qxc4 Rxc4 33. Bxg6+ Kh8
34. Re1 Rcd4 35. Ra3 e4 36. g3 Rd2 37. Rxe4 Rf8 38. f4 Bd4+ 39. Kf1 Rb8 40. Rb3
Rxb3 41. axb3 Kg7 42. Bf5 Rxh2 43. Re8 Rf2+ 44. Ke1 Rf3 45. Be6 Kf6 46. Bc4
Rxg3 47. Re6+ Kf5 48. Rxh6 Kxf4 49. Rxc6 Rg1+ 1/2-1/2

[Event "17. Sparkassen Open 2018 - Gruppe A"]
[Site "Forchheim"]
[Date "2018.09.23"]
[Round "4.6"]
[White "Schulz, Lukas"]
[Black "Glawe, Ralf"]
[Result "1-0"]
[WhiteElo "2263"]
[BlackElo "2060"]
[PlyCount "67"]
[EventDate "2018.??.??"]
[WhiteTeam "SC Erlangen"]
[BlackTeam "MTV Ingolstadt"]

1. e4 c5 2. Nf3 e6 3. Nc3 Nc6 4. d4 cxd4 5. Nxd4 Qc7 6. Bb5 Nf6 7. Bxc6 bxc6 8.
O-O e5 9. Nde2 Be7 10. h3 O-O 11. f4 d6 12. fxe5 dxe5 13. Ng3 g6 14. Be3 Be6
15. Qe2 Rab8 16. b3 Rfd8 17. Na4 Nd7 18. c4 Qa5 19. Qf2 a6 20. Rac1 Rf8 21. Nf5
Bxf5 22. exf5 f6 23. Rcd1 Qc7 24. Qf3 Kg7 25. Rd2 Rbd8 26. Rfd1 Rf7 27. Kh1
Rff8 28. Qg4 g5 29. h4 h6 30. Qh5 Rh8 31. Qg6+ Kf8 32. Nc5 Nxc5 33. Rxd8+ Bxd8
34. Bxc5+ 1-0

[Event "17. Sparkassen Open 2018 - Gruppe A"]
[Site "Forchheim"]
[Date "2018.09.23"]
[Round "4.7"]
[White "Hoffmann, Hendrik"]
[Black "Lutter, Maximilian"]
[Result "1-0"]
[WhiteElo "2265"]
[BlackElo "1883"]
[PlyCount "69"]
[EventDate "2018.??.??"]
[WhiteTeam "SG Leipzig"]
[BlackTeam "SC Noris-Tarrasch Nürnberg"]

1. e4 e5 2. Nf3 Nc6 3. Nc3 Nf6 4. d4 exd4 5. Nxd4 Bb4 6. Nxc6 bxc6 7. Bd3 d5 8.
exd5 cxd5 9. O-O O-O 10. h3 c6 11. Bf4 a5 12. Qf3 Ba6 13. Rfd1 Bxd3 14. Rxd3
Re8 15. Bg5 Re6 16. Ne2 Qe8 17. Nd4 Re1+ 18. Rxe1 Qxe1+ 19. Kh2 Ne4 20. Be3
Bd6+ 21. g3 Qf1 22. Rd1 Qc4 23. b3 Qc3 24. Rd3 Qb2 25. Nf5 Qxc2 26. Bd4 Be5 27.
Kg2 Bxd4 28. Nxd4 Qc5 29. Qg4 Re8 30. Qd7 Nf6 31. Qxc6 Qb4 32. Nf5 Qe4+ 33. Rf3
Qe6 34. Qc3 Qe4 35. Nd6 1-0

[Event "17. Sparkassen Open 2018 - Gruppe A"]
[Site "Forchheim"]
[Date "2018.09.23"]
[Round "4.8"]
[White "Gramb, Marius"]
[Black "Walter, Florian"]
[Result "1-0"]
[WhiteElo "2073"]
[BlackElo "2246"]
[PlyCount "95"]
[EventDate "2018.??.??"]
[WhiteTeam "Brühler SK"]
[BlackTeam "SC Noris-Tarrasch Nürnberg"]

1. d4 Nf6 2. c4 g6 3. Nc3 d5 4. cxd5 Nxd5 5. g3 Bg7 6. Bg2 Nb6 7. Nf3 c5 8. Be3
O-O 9. dxc5 Nc4 10. Qc1 Nc6 11. O-O Qa5 12. Bh6 Qxc5 13. Bxg7 Kxg7 14. Rd1 Nb6
15. b3 Bf5 16. Qb2 f6 17. Nh4 Be6 18. Rac1 Qb4 19. Nd5 Nxd5 20. Bxd5 Bxd5 21.
Rxd5 Rad8 22. Rcd1 e5 23. Nf3 Kf7 24. Rd7+ Ke6 25. a3 Rxd7 26. Rxd7 Qb6 27. Qd2
Nd4 28. Rxh7 Nxf3+ 29. exf3 Rd8 30. Qc2 Qb5 31. Kg2 Rd3 32. Qc8+ Rd7 33. Qe8+
Kd6 34. Rxd7+ Qxd7 35. Qxd7+ Kxd7 36. h4 Ke6 37. g4 f5 38. Kf1 e4 39. Ke2 Ke5
40. Ke3 f4+ 41. Ke2 b5 42. fxe4 Kxe4 43. f3+ Kd4 44. h5 gxh5 45. gxh5 Ke5 46.
Kd3 Kf5 47. h6 Kg6 48. Ke4 1-0

[Event "17. Sparkassen Open 2018 - Gruppe A"]
[Site "Forchheim"]
[Date "2018.09.23"]
[Round "4.9"]
[White "Humburg, Philipp"]
[Black "Amtmann, Florian"]
[Result "1/2-1/2"]
[WhiteElo "2253"]
[BlackElo "2087"]
[PlyCount "174"]
[EventDate "2018.??.??"]
[WhiteTeam "SK Vellmar"]
[BlackTeam "Spvgg Stetten"]

1. d4 Nf6 2. c4 c5 3. Nf3 cxd4 4. Nxd4 e5 5. Nb5 d5 6. cxd5 Bc5 7. N5c3 O-O 8.
g3 Qb6 9. e3 Bg4 10. Be2 Bxe2 11. Qxe2 e4 12. Nd2 Re8 13. O-O Nbd7 14. Rd1 Rad8
15. a3 a5 16. b3 h5 17. Bb2 Bf8 18. Na4 Qa7 19. Bd4 Qb8 20. Qb5 Ne5 21. Nc3 Qc8
22. Kg2 Qf5 23. Bxe5 Rxe5 24. Qe2 Nxd5 25. Ndxe4 Rxe4 26. Nxe4 Qxe4+ 27. Qf3
Qxf3+ 28. Kxf3 Rd6 29. Rac1 Nf6 30. Rxd6 Bxd6 31. Rc8+ Kh7 32. a4 b6 33. h3 Bc5
34. e4 Ng8 35. Ke2 Ne7 36. Rc7 Kg6 37. f4 Kf6 38. g4 hxg4 39. hxg4 g5 40. f5
Ke5 41. Rd7 Kxe4 42. f6 Nd5 43. Rxf7 Ke5 44. Kf3 Ke6 45. Rg7 Kxf6 46. Rg8 Ne7
47. Ke4 Nc6 48. Rh8 Nd4 49. Rh6+ Kg7 50. Rh3 Kg6 51. Kd5 Nc2 52. Ke4 Nd4 53.
Kd5 Ne2 54. Ke4 Nf4 55. Rh2 Kf6 56. Rh5 Ng6 57. Rh1 Nh4 58. Kd5 Ng2 59. Ke4 Ne3
60. Rg1 Ke6 61. Rg3 Nd5 62. Rd3 Nf6+ 63. Kf3 Ke5 64. Rd1 Bd4 65. Rc1 Kd5 66.
Rc8 Bc5 67. Rd8+ Bd6 68. Rc8 Ne4 69. Rg8 Nd2+ 70. Ke2 Bf4 71. Rd8+ Kc5 72. Rd3
Kb4 73. Rd4+ Kc3 74. Rd5 Kc2 75. Rd4 Kxb3 76. Rxf4 gxf4 77. Kxd2 Kc4 78. g5 Kd5
79. g6 Ke6 80. g7 Kf7 81. Ke2 Kxg7 82. Kf3 Kg6 83. Kxf4 Kf6 84. Ke4 Ke6 85. Kd4
Kd6 86. Kc4 Kc6 87. Kd4 b5 1/2-1/2

[Event "17. Sparkassen Open 2018 - Gruppe A"]
[Site "Forchheim"]
[Date "2018.09.23"]
[Round "4.10"]
[White "Bethke, Richard"]
[Black "Tschernatsch, Johannes"]
[Result "1/2-1/2"]
[WhiteElo "2212"]
[BlackElo "1801"]
[PlyCount "46"]
[EventDate "2018.??.??"]
[WhiteTeam "SF Neuberg"]
[BlackTeam "USV Potsdam"]

1. e4 c5 2. Ne2 d6 3. g3 Nf6 4. Bg2 Nc6 5. O-O g6 6. Nbc3 Bg7 7. d4 cxd4 8.
Nxd4 Nd7 9. Nde2 O-O 10. h3 a6 11. a4 Qc7 12. Nd5 Qb8 13. Rb1 b5 14. axb5 axb5
15. Bd2 e6 16. Ne3 b4 17. c4 bxc3 18. Bxc3 Ba6 19. Bxg7 Kxg7 20. Re1 Nb4 21.
Qd4+ e5 22. Qd2 Nc5 23. Nf5+ gxf5 1/2-1/2

[Event "17. Sparkassen Open 2018 - Gruppe A"]
[Site "Forchheim"]
[Date "2018.09.23"]
[Round "4.11"]
[White "Hirn, Erwin"]
[Black "Nguyen, Alex Dac-Vuong"]
[Result "0-1"]
[WhiteElo "2061"]
[BlackElo "2240"]
[PlyCount "68"]
[EventDate "2018.??.??"]
[WhiteTeam "SK Neumarkt"]
[BlackTeam "SG Leipzig"]

1. d4 Nf6 2. c4 g6 3. Nc3 Bg7 4. e4 d6 5. Nf3 O-O 6. Be2 Nbd7 7. O-O e5 8. dxe5
dxe5 9. Qc2 c6 10. Rd1 Qc7 11. Ne1 Nc5 12. Be3 Ne6 13. Rd2 Nd4 14. Qd1 Be6 15.
Nc2 c5 16. f3 Ne8 17. Nd5 Bxd5 18. cxd5 a5 19. Nxd4 cxd4 20. Rc2 Qb6 21. Bf2
Nd6 22. Qd3 f5 23. a4 Rf7 24. Ra3 Raf8 25. Rb3 Qa7 26. Bd1 Bh6 27. h3 fxe4 28.
fxe4 Rxf2 29. Rxf2 Be3 30. Bf3 Qc5 31. Kf1 Qc1+ 32. Ke2 Nxe4 33. Qd1 Ng3+ 34.
Ke1 Bxf2+ 0-1

[Event "17. Sparkassen Open 2018 - Gruppe A"]
[Site "Forchheim"]
[Date "2018.09.23"]
[Round "4.12"]
[White "Faßhauer, Jacob"]
[Black "Hesse, Henrik"]
[Result "0-1"]
[WhiteElo "2056"]
[BlackElo "2218"]
[PlyCount "62"]
[EventDate "2018.??.??"]
[WhiteTeam "SG Leipzig"]
[BlackTeam "SV Mattnetz Berlin"]

1. e4 c5 2. c3 e6 3. d4 cxd4 4. cxd4 Nf6 5. Nc3 Bb4 6. Bd3 Nc6 7. Nge2 d6 8.
O-O h6 9. h3 O-O 10. Be3 a6 11. Rc1 Bd7 12. f4 Ne7 13. Ng3 Qa5 14. Qb3 Rac8 15.
Nge2 b5 16. a3 Bxc3 17. Nxc3 Rb8 18. Ra1 Rfc8 19. Kh2 b4 20. axb4 Qxb4 21. Qxb4
Rxb4 22. Rf2 Bb5 23. Bxb5 axb5 24. Ra6 d5 25. e5 Ne4 26. Nxe4 dxe4 27. Rd2 Nd5
28. Ra3 Rc1 29. Re2 Rb1 30. Bg1 R4xb2 31. Rxe4 Rd1 0-1

[Event "17. Sparkassen Open 2018 - Gruppe A"]
[Site "Forchheim"]
[Date "2018.09.23"]
[Round "4.13"]
[White "Pietzsch, Manuel"]
[Black "von Zimmermann, Georg"]
[Result "1/2-1/2"]
[WhiteElo "2176"]
[BlackElo "2036"]
[PlyCount "95"]
[EventDate "2018.??.??"]
[WhiteTeam "SG Leipzig"]
[BlackTeam "MSA Zugzwang"]

1. e4 c5 2. Nf3 Nc6 3. d4 cxd4 4. Nxd4 Nf6 5. Nc3 e5 6. Ndb5 d6 7. Bg5 a6 8.
Na3 b5 9. Bxf6 gxf6 10. Nd5 Bg7 11. Bd3 Ne7 12. Nxe7 Qxe7 13. c3 f5 14. Nc2 Qg5
15. Qf3 d5 16. h4 Qf6 17. exd5 e4 18. Qe3 O-O 19. Be2 Bb7 20. Qg5 Bxd5 21. Ne3
Be6 22. O-O f4 23. Ng4 Qxg5 24. hxg5 Bxg4 25. Bxg4 Rab8 26. Rad1 b4 27. cxb4
Bxb2 28. Rd6 Rxb4 29. Rxa6 e3 30. Re1 Bd4 31. fxe3 Bxe3+ 32. Kh2 Rb5 33. Rd1
Rxg5 34. Bf3 Kg7 35. Rd5 Rg6 36. Rdd6 Rc8 37. a4 Rc1 38. Rac6 Bg1+ 39. Kh3 Bc5
40. Rxg6+ fxg6 41. Kg4 Be3 42. Rxc1 Bxc1 43. a5 Kf6 44. Bb7 h5+ 45. Kf3 g5 46.
a6 Be3 47. Ke4 h4 48. Bc8 1/2-1/2

[Event "17. Sparkassen Open 2018 - Gruppe A"]
[Site "Forchheim"]
[Date "2018.09.23"]
[Round "4.15"]
[White "Monninger, Moritz"]
[Black "Steinbach, Peter"]
[Result "1-0"]
[WhiteElo "2096"]
[BlackElo "1959"]
[PlyCount "66"]
[EventDate "2018.??.??"]
[WhiteTeam "SK Herzogenaurach"]
[BlackTeam "SV Crailsheim"]

1. d4 Nf6 2. Bg5 c5 3. d5 Ne4 4. Bf4 Qb6 5. Bc1 e6 6. f3 Nf6 7. e4 exd5 8. e5
Qe6 9. Qe2 Ng8 10. Nh3 d6 11. Nf4 Qxe5 12. Nxd5 Qxe2+ 13. Bxe2 Kd8 14. Nbc3 Nc6
15. Be3 Nge7 16. Nxe7 Bxe7 17. O-O-O b6 18. Rhe1 Be6 19. f4 a6 20. Bf3 Kd7 21.
f5 Bxf5 22. Bf4 Be6 23. Nd5 Bxd5 24. Bxd5 Rhg8 25. Bxf7 Nd4 26. Bh5 Rgf8 27.
Bg3 Nf5 28. Bg4 Kc7 29. Bf2 Bf6 30. c3 g6 31. Kc2 Rf7 32. h4 Ng7 33. Bf3 Ne8
1-0

[Event "17. Sparkassen Open 2018 - Gruppe A"]
[Site "Forchheim"]
[Date "2018.09.23"]
[Round "4.16"]
[White "Kast, Joannis"]
[Black "Kalinin, Oleksandr"]
[Result "1/2-1/2"]
[WhiteElo "2066"]
[BlackElo "2113"]
[PlyCount "35"]
[EventDate "2018.??.??"]
[WhiteTeam "SK Jöhlingen"]
[BlackTeam "Münchener SC"]

1. e4 e6 2. d4 d5 3. exd5 exd5 4. Nf3 Nf6 5. c4 Bb4+ 6. Nc3 O-O 7. Be2 dxc4 8.
O-O Bxc3 9. bxc3 b5 10. a4 c6 11. Bg5 Qd6 12. Qc2 Bb7 13. Rfb1 a6 14. Bxc4 Nbd7
15. Bh4 bxc4 16. Rxb7 c5 17. Bg3 Qd5 18. Rab1 1/2-1/2

[Event "17. Sparkassen Open 2018 - Gruppe A"]
[Site "Forchheim"]
[Date "2018.09.23"]
[Round "4.17"]
[White "Köhler, Lukas"]
[Black "Meulner, Klaus"]
[Result "1/2-1/2"]
[WhiteElo "1926"]
[BlackElo "2120"]
[PlyCount "59"]
[EventDate "2018.??.??"]
[WhiteTeam "SC Bamberg"]
[BlackTeam "SW Nürnberg Süd"]

1. e4 c6 2. d4 d5 3. exd5 cxd5 4. Bd3 Nc6 5. c3 Qc7 6. h3 Nf6 7. Nf3 g6 8. O-O
Bg7 9. Re1 O-O 10. Bg5 Bf5 11. Bh4 Bxd3 12. Qxd3 Ne4 13. Ng5 Nd6 14. Bg3 Qd7
15. Nd2 Nf5 16. Bh2 Rac8 17. Nb3 b6 18. Nf3 a5 19. a4 Nd6 20. Nbd2 Qf5 21. Qxf5
Nxf5 22. g4 Nh6 23. Ne5 Bxe5 24. Bxe5 Nxe5 25. Rxe5 e6 26. Rc1 Rfd8 27. Kf1 Kg7
28. Ke2 Ng8 29. Kd3 Nf6 30. f4 1/2-1/2

[Event "17. Sparkassen Open 2018 - Gruppe A"]
[Site "Forchheim"]
[Date "2018.09.23"]
[Round "4.18"]
[White "Paeslack, Luis"]
[Black "Gheng, Simona"]
[Result "0-1"]
[WhiteElo "1897"]
[BlackElo "2002"]
[PlyCount "80"]
[EventDate "2018.??.??"]
[WhiteTeam "TV-Großostheim"]
[BlackTeam "SF Deizisau"]

1. d4 d5 2. c4 e6 3. Nc3 Nf6 4. cxd5 exd5 5. Bg5 Be7 6. Nf3 h6 7. Bh4 O-O 8. h3
b6 9. Qc2 c5 10. e3 Bb7 11. Bd3 Nbd7 12. b3 Rc8 13. O-O cxd4 14. Nxd4 Ne4 15.
Bxe4 dxe4 16. Bxe7 Qxe7 17. Qb2 Ne5 18. Nf5 Qf6 19. Nd4 Rfd8 20. Nce2 Nd3 21.
Qa3 a5 22. Ng3 Rc5 23. Rad1 Qg6 24. Nde2 Rdc8 25. b4 axb4 26. Qa7 R5c7 27. Nf4
Nxf4 28. exf4 Ra8 29. f5 Qc6 30. Qxa8+ Bxa8 31. Rd8+ Kh7 32. f6 e3 33. f3 Rc8
34. Rd3 Qxf6 35. Ne4 Bxe4 36. fxe4 Qg5 37. Re1 Rc2 38. g4 Qf4 39. Rdxe3 Qf2+
40. Kh1 Qg2# 0-1

[Event "17. Sparkassen Open 2018 - Gruppe A"]
[Site "Forchheim"]
[Date "2018.09.23"]
[Round "4.19"]
[White "Kotz, Reinhard"]
[Black "Muskat, Gunter"]
[Result "1/2-1/2"]
[WhiteElo "2171"]
[BlackElo "2048"]
[PlyCount "57"]
[EventDate "2018.??.??"]
[WhiteTeam "SK Herzogenaurach"]
[BlackTeam "SG Büchenbach/Roth"]

1. e4 e5 2. Nf3 Nc6 3. d4 exd4 4. Nxd4 Nf6 5. Nxc6 bxc6 6. e5 Qe7 7. Qe2 Nd5 8.
c4 Ba6 9. Nd2 g6 10. Nf3 Bg7 11. Bg5 f6 12. exf6 Qxe2+ 13. Bxe2 Nxf6 14. O-O-O
O-O-O 15. Rhe1 Rde8 16. Be3 d6 17. h3 c5 18. Nd2 Bb7 19. Bf3 Re7 20. Bxb7+ Kxb7
21. Bg5 Rhe8 22. Nf3 Rxe1 23. Rxe1 Rxe1+ 24. Nxe1 Ne4 25. Be3 Bd4 26. Nc2 Bxe3+
27. fxe3 a5 28. Ne1 c6 29. Kc2 1/2-1/2

[Event "17. Sparkassen Open 2018 - Gruppe A"]
[Site "Forchheim"]
[Date "2018.09.23"]
[Round "4.20"]
[White "Willim, Michael"]
[Black "Pfitzer, Norbert"]
[Result "1-0"]
[WhiteElo "2120"]
[BlackElo "2093"]
[PlyCount "28"]
[EventDate "2018.??.??"]
[WhiteTeam "SC Erlangen"]
[BlackTeam "SV Backnang"]

1. c4 Nf6 2. Nc3 c5 3. g3 Nc6 4. Bg2 g6 5. a3 Bg7 6. Rb1 O-O 7. b4 cxb4 8. axb4
d6 9. e3 Bf5 10. d3 Nd7 11. Nge2 Nde5 12. e4 Bg4 13. h3 Bf3 14. O-O a5 1-0

[Event "17. Sparkassen Open 2018 - Gruppe A"]
[Site "Forchheim"]
[Date "2018.09.23"]
[Round "4.21"]
[White "Azimi, Reza"]
[Black "Pichl, Michael"]
[Result "1-0"]
[WhiteElo "2037"]
[BlackElo "2051"]
[PlyCount "59"]
[EventDate "2018.??.??"]
[WhiteTeam "Münchener SC"]
[BlackTeam "SV Empor Erfurt"]

1. d4 c5 2. e4 cxd4 3. c3 g6 4. Bc4 d3 5. Qxd3 Nc6 6. f4 d6 7. Nf3 Bg7 8. O-O
Nf6 9. Kh1 O-O 10. Be3 Na5 11. Bb3 Nxb3 12. axb3 b6 13. Nbd2 Bb7 14. Nd4 a6 15.
b4 e5 16. N4f3 exf4 17. Bxf4 Re8 18. Rae1 d5 19. e5 Ne4 20. Nb3 f6 21. exf6
Qxf6 22. Be3 Qf5 23. Kg1 b5 24. Nc5 Bc8 25. Qd1 Qh5 26. Bd4 Bf8 27. Rxe4 dxe4
28. Qb3+ Be6 29. Nxe6 Qf5 30. Neg5+ 1-0

[Event "17. Sparkassen Open 2018 - Gruppe A"]
[Site "Forchheim"]
[Date "2018.09.23"]
[Round "4.22"]
[White "Siegl, Melina"]
[Black "Eichschmied, Patrick"]
[Result "1/2-1/2"]
[WhiteElo "2019"]
[BlackElo "1895"]
[PlyCount "44"]
[EventDate "2018.??.??"]
[WhiteTeam "SW Nürnberg Süd"]
[BlackTeam "MTV Ingolstadt"]

1. e4 e5 2. Bc4 Nf6 3. d3 Nc6 4. Nf3 Bc5 5. c3 d6 6. Bb3 a6 7. h3 Ba7 8. Nbd2
O-O 9. Nf1 d5 10. Qe2 h6 11. g4 Re8 12. Ng3 Na5 13. Bc2 dxe4 14. dxe4 b5 15. b3
c5 16. Nf5 Bxf5 17. gxf5 Kh8 18. Rg1 Qd6 19. Be3 c4 20. Bd2 Rad8 21. b4 Nc6 22.
Nh2 Nd4 1/2-1/2

[Event "17. Sparkassen Open 2018 - Gruppe A"]
[Site "Forchheim"]
[Date "2018.09.23"]
[Round "4.23"]
[White "Steinhart, Christoph"]
[Black "Braun, Michael"]
[Result "0-1"]
[WhiteElo "1987"]
[BlackElo "2071"]
[PlyCount "82"]
[EventDate "2018.??.??"]
[WhiteTeam "TSV Schönaich"]
[BlackTeam "SG Büchenbach/Roth"]

1. e4 c5 2. Nf3 d6 3. d4 cxd4 4. Nxd4 Nf6 5. Nc3 a6 6. Bg5 e6 7. f4 h6 8. Bh4
Be7 9. Qf3 Qc7 10. O-O-O Nbd7 11. g4 g5 12. fxg5 Ne5 13. Qg3 hxg5 14. Bxg5
Nexg4 15. Be2 Ne5 16. Rhf1 Rg8 17. Qh4 Nfg4 18. Bxe7 Qxe7 19. Qxe7+ Kxe7 20.
Rg1 Bd7 21. h3 Nf2 22. Rdf1 Nxh3 23. Rh1 Ng5 24. a4 Nc6 25. Nb3 Rg7 26. Rh5 Nh7
27. a5 Rag8 28. Bd3 Nf6 29. Rh6 Rg6 30. Rxg6 fxg6 31. Na4 g5 32. Nb6 Ne5 33.
Nd4 g4 34. Rg1 Bc6 35. Nxc6+ Nxc6 36. Kd2 Nxa5 37. Ke3 Nc6 38. Kf4 Ne5 39. Nc4
Nf3 40. Rg2 b5 41. Ne3 Nh5# 0-1

[Event "17. Sparkassen Open 2018 - Gruppe A"]
[Site "Forchheim"]
[Date "2018.09.23"]
[Round "4.24"]
[White "Reinhard, Ralf-Peter"]
[Black "Martin Fernandez, Rodrigo"]
[Result "0-1"]
[WhiteElo "1893"]
[BlackElo "2096"]
[PlyCount "62"]
[EventDate "2018.??.??"]
[WhiteTeam "vereinslos"]
[BlackTeam "SC Erlangen"]

1. d4 Nf6 2. Nf3 c5 3. e3 e6 4. Bd3 d5 5. c3 Be7 6. O-O Nc6 7. Nbd2 O-O 8. Qe2
Qc7 9. dxc5 Bxc5 10. e4 dxe4 11. Nxe4 Nxe4 12. Bxe4 Be7 13. Re1 Bd7 14. Bd2
Rad8 15. Rad1 Rfe8 16. Bc1 h6 17. Rd2 Bc8 18. Red1 Rxd2 19. Rxd2 Rd8 20. Rxd8+
Nxd8 21. g3 Bd6 22. Nd4 a6 23. f4 Bd7 24. Qg2 e5 25. fxe5 Bxe5 26. Be3 b5 27.
Bd5 Qd6 28. Nb3 Be6 29. Be4 Qd1+ 30. Qf1 Bxb3 31. Qxd1 Bxd1 0-1

[Event "17. Sparkassen Open 2018 - Gruppe A"]
[Site "Forchheim"]
[Date "2018.09.23"]
[Round "4.25"]
[White "Kocak, Ediz"]
[Black "Ulusoy, Tolga"]
[Result "1-0"]
[WhiteElo "1794"]
[BlackElo "2069"]
[PlyCount "81"]
[EventDate "2018.??.??"]
[WhiteTeam "SGem Fürth"]
[BlackTeam "SC Noris-Tarrasch Nürnberg"]

1. d4 Nf6 2. c4 c5 3. d5 b5 4. cxb5 a6 5. bxa6 g6 6. Nc3 Bxa6 7. e4 Bxf1 8.
Kxf1 Bg7 9. e5 Ng8 10. Qe2 Nh6 11. Nf3 O-O 12. g3 Nf5 13. Kg2 Na6 14. b3 d6 15.
Bb2 dxe5 16. Nxe5 Nd4 17. Qe4 f5 18. Qf4 Nb4 19. Nc6 Nbxc6 20. dxc6 e5 21. Qc1
Qc7 22. f3 Qxc6 23. Rf1 e4 24. fxe4 fxe4 25. Qg5 e3+ 26. Qd5+ Qxd5+ 27. Nxd5
Ne2 28. Bxg7 Kxg7 29. Nc7 Rxf1 30. Kxf1 Rc8 31. Kxe2 Rxc7 32. Kxe3 Kf6 33. a4
Rb7 34. Ra3 Ke5 35. a5 Kd5 36. a6 Ra7 37. Kd3 Kc6 38. Kc4 Kb6 39. Ra2 Kc6 40.
Rf2 Kd6 41. Rf6+ 1-0

[Event "17. Sparkassen Open 2018 - Gruppe A"]
[Site "Forchheim"]
[Date "2018.09.23"]
[Round "4.26"]
[White "Heppert, Lars"]
[Black "Smyk, Jozef"]
[Result "0-1"]
[WhiteElo "1970"]
[BlackElo "1929"]
[PlyCount "35"]
[EventDate "2018.??.??"]
[WhiteTeam "SK Neuburg"]
[BlackTeam "SK Neumarkt"]

1. c4 c6 2. g3 Nf6 3. Nf3 d5 4. b3 dxc4 5. bxc4 g6 6. Bg2 Bg7 7. Bb2 Qb6 8. Qc1
O-O 9. O-O Nbd7 10. d4 Ne4 11. Ne5 Nxe5 12. dxe5 Nc5 13. Bd4 Nb3 14. Bxb6 Nxc1
15. Rxc1 Bxe5 16. Nc3 axb6 17. e3 Ra3 18. Nb1 0-1

[Event "17. Sparkassen Open 2018 - Gruppe A"]
[Site "Forchheim"]
[Date "2018.09.23"]
[Round "4.27"]
[White "Schreiter, Thomas"]
[Black "Seidel, Michael"]
[Result "1-0"]
[WhiteElo "2022"]
[BlackElo "2042"]
[PlyCount "65"]
[EventDate "2018.??.??"]
[WhiteTeam "SG Leipzig"]
[BlackTeam "SC Schwarzenbach"]

1. d4 d6 2. Bf4 Nf6 3. e3 g6 4. Be2 Bg7 5. Nc3 Nbd7 6. Nf3 O-O 7. h3 a6 8. O-O
Qe8 9. Bc4 b5 10. Bb3 Bb7 11. a4 b4 12. Na2 a5 13. c3 Qb8 14. Re1 c5 15. Rc1 h6
16. cxb4 cxb4 17. Nd2 Qa7 18. Qc2 d5 19. Qb1 Rac8 20. Rxc8 Rxc8 21. Rc1 Nb6 22.
Rxc8+ Bxc8 23. Qc2 Bd7 24. Nc1 Ne8 25. Nd3 Bf5 26. g4 Bd7 27. Qc5 e6 28. Qc2
Bf8 29. Ne5 Kg7 30. Ndf3 Nd6 31. Nxd7 Qxd7 32. Qc5 Nbc4 33. Bxh6+ 1-0